| 000 | 00925nam a22002417a 4500 | ||
|---|---|---|---|
| 003 | OSt | ||
| 005 | 20240411074018.0 | ||
| 008 | 210222b 2020 dr j 00| 0 eng d | ||
| 020 | _a 9789945920956 | ||
| 040 |
_aDO-SdBNP _bspa _cBNPHU |
||
| 082 | 4 |
_aRD863.5 _bB142f _222 |
|
| 100 | 1 |
_aBáez, Elsa _964872 |
|
| 245 | 1 | 0 |
_aEl funeral interno / _cElsa Báez. |
| 260 |
_aSanto Domingo : _bPoetas de la Era, _c2020 |
||
| 300 |
_a93 p. ; _c23 cm. |
||
| 500 | _aIncluye datos de la autora en la solapa de la cubierta. | ||
| 505 |
_aSer mujer -- _tLa despedida -- _tCreencias -- _tNadie agradece -- _tEl bacá de Paco -- _tDeseos por Rosita -- _tVíctima o culpable -- _tNo cumpleaños -- _tEl problema fluvial -- _tBrevedad -- _tA ti -- _tOtras más -- |
||
| 590 | _aInventariado, 2021 /LP | ||
| 650 | 0 |
_aCuentos dominicanos _9176 |
|
| 650 | 4 |
_aLiteratura dominicana _978307 |
|
| 910 | _aLP/Validado. Control de calidad MFF | ||
| 942 |
_2ddc _cLBS1 |
||
| 999 |
_c49430 _d49430 |
||